Billboard #1 Hits of 2007 - Statistics

General Stats
  • This quiz has been taken 28 times
  • The average score is 9 of 17
Answer Stats
Hint Extra Hint Explanation Answer % Correct
Umbrella 9 Jun (7 wks.) Listen on YouTube Rihanna featuring Jay-Z
100%
Girlfriend 5 May (1 wk.) Listen on YouTube Avril Lavigne
84%
Hey There Delilah 28 Jul (2 wks.) Listen on YouTube Plain White T's
76%
Crank That (Soulja Boy) 15 Sep (2 wks.)
6 Oct (5 wks.)
Listen on YouTube Soulja Boy
76%
Big Girls Don't Cry 8 Sep (1 wk.) Listen on YouTube Fergie
68%
Beautiful Girls 11 Aug (4 wks.) Listen on YouTube Sean Kingston
68%
What Goes Around... Comes Around 3 Mar (1 wk.) Listen on YouTube Justin Timberlake
60%
Stronger 29 Sep (1 wk.) Listen on YouTube Kanye West
60%
Say It Right 24 Feb (1 wk.) Listen on YouTube Nelly Furtado
56%
No One 1 Dec (5 wks.) Listen on YouTube Alicia Keys
48%
Buy U a Drank (Shawty Snappin') 26 May (1 wk.) Listen on YouTube T-Pain featuring Yung Joc
48%
Don't Matter 7 Apr (2 wks.) Listen on YouTube Akon
44%
Glamorous 24 Mar (2 wks.) Listen on YouTube Fergie featuring Ludacris
44%
Makes Me Wonder 12 May (2 wks.)
2 Jun (1 wk.)
Listen on YouTube Maroon 5
40%
Kiss Kiss 10 Nov (3 wks.) Listen on YouTube Chris Brown featuring T-Pain
28%
Give It To Me 21 Apr. (2 wks.) Listen on YouTube Timbaland featuring Nelly Furtado and Justin Timberlake
24%
This Is Why I'm Hot 10 Mar (2 wks.) Listen on YouTube Mims
16%
No matching quizzes found
Score Distribution
Percent of People with Each Score
Percentile by Number Answered
Your Score History
You have not taken this quiz